000 00421nam a2200193Ia 4500
008 210210b1922 xxu||||| |||| 00| 0 eng d
041 _aeng
082 _a883/51
100 _aKALIDASA
245 _aMAlavikagnimitra by KAle em ar
260 _aBombay
_b-
_c1922
650 _aMAlavikagnimitra
650 _aKAle
650 _aem
650 _aby
650 _aar
690 _aSanskrit Drama
906 _a024381
999 _c149871
_d149871